Страницы спортивной жизни политехников; Томский политехник; Вып. 2

Λεπτομέρειες βιβλιογραφικής εγγραφής
Parent link:Томский политехник: ежегодный журнал/ Томский политехнический университет (ТПУ), Ассоциация выпускников.— , 1995-
Вып. 2.— 1996.— [С. 33-34]
Κύριος συγγραφέας: Моравецкий Д. В. Дмитрий Владимирович
Περίληψη:Заглавие с титульного листа
Электронная версия печатной публикации
Γλώσσα:Ρωσικά
Έκδοση: 1996
Σειρά:Годы, события, люди
Θέματα:
Διαθέσιμο Online:Цветная версия без потери качества
Μορφή: Ηλεκτρονική πηγή Κεφάλαιο βιβλίου
KOHA link:https://koha.lib.tpu.ru/cgi-bin/koha/opac-detail.pl?biblionumber=188084

MARC

LEADER 00000nla2a2200000 4500
001 188084
005 20231031174657.0
035 |a (RuTPU)RU\TPU\book\204220 
035 |a RU\TPU\book\204216 
090 |a 188084 
100 |a 20101201d1996 km y0rusy50 ca 
101 0 |a rus 
102 |a RU 
135 |a drnn ---uucaa 
181 0 |a i  
182 0 |a b 
200 1 |a Страницы спортивной жизни политехников  |b Электронный ресурс  |f Д. В. Моравецкий 
203 |a Текст  |c электронный 
215 |a 1 файл (12.4 Мб) 
225 1 |a Годы, события, люди 
230 |a Электронные текстовые данные (1 файл : 12.4 Мб) 
300 |a Заглавие с титульного листа 
300 |a Электронная версия печатной публикации 
337 |a Adobe Reader 
461 1 |0 (RuTPU)RU\TPU\book\202435  |t Томский политехник  |o ежегодный журнал  |f Томский политехнический университет (ТПУ), Ассоциация выпускников  |d 1995- 
463 1 |0 (RuTPU)RU\TPU\book\204047  |t Вып. 2  |v [С. 33-34]  |d 1996  |p 57 с. 
601 0 2 |a Томский технологический институт (ТТИ)  |c (1896-1923)  |2 stltpush  |3 (RuTPU)RU\TPU\col\9244 
601 0 2 |a Томский политехнический институт (ТПИ)  |c (1944-1991)  |2 stltpush  |3 (RuTPU)RU\TPU\col\1123 
601 0 2 |a Томский политехнический университет (ТПУ)  |c (1991-2009)  |2 stltpush  |3 (RuTPU)RU\TPU\col\376 
610 1 |a политехники 
610 1 |a спортивная жизнь 
610 1 |a спорт 
610 1 |a электронный ресурс 
700 1 |a Моравецкий  |b Д. В.  |c спортсмен, тренер  |c преподаватель кафедры физвоспитания ТПУ  |f 1907-2006  |g Дмитрий Владимирович  |2 stltpush  |3 (RuTPU)RU\TPU\pers\17318 
801 1 |a RU  |b 63413507  |c 20101101 
801 2 |a RU  |b 63413507  |c 20101222  |g RCR 
856 4 |u http://www.lib.tpu.ru/fulltext/v/Tomsk_polytechnic/1996/N2a22_full.pdf  |z Цветная версия без потери качества 
942 |c CF